书目信息 |
| 题名: |
现代性的伦理话语
|
|
| 作者: | 万俊人 著 | |
| 分册: | ||
| 出版信息: | 哈尔滨 黑龙江人民出版社 2022.01 |
|
| 页数: | 424页 | |
| 开本: | 20cm | |
| 丛书名: | ||
| 单 册: | ||
| 中图分类: | B82 | |
| 科图分类: | ||
| 主题词: | 伦理学 | |
| 电子资源: | ||
| ISBN: | 7-207-05180-8 | |
| 000 | 00568nam0 2200193 450 | |
| 001 | 2638574609 | |
| 005 | 20260414104451.62 | |
| 010 | @a7-207-05180-8@dCNY20.00 | |
| 100 | @a20260414d2022 km y0chiy0120 ea | |
| 101 | 0 | @achi |
| 102 | @aCN@b230000 | |
| 200 | 1 | @a现代性的伦理话语@AXian Dai Xing De Lun Li Hua Yu@f万俊人著@FWan Jun Ren Zhu |
| 210 | @a哈尔滨@c黑龙江人民出版社@d2022.01 | |
| 215 | @a424页@d20cm | |
| 606 | 0 | @a伦理学 |
| 690 | @aB82@v4 | |
| 701 | 0 | @a万俊人@AWan Jun Ren@4著 |
| 801 | 0 | @aCN@b大连网信软件有限公司图书馆·11@c20260414 |
| 905 | @aZUCC@dB82@e2129 | |
| 现代性的伦理话语/万俊人著.-哈尔滨:黑龙江人民出版社,2022.01 |
| 424页;20cm |
| ISBN 7-207-05180-8:CNY20.00 |
| ● |
| 相关链接 |
|
|
|
|
正题名:现代性的伦理话语
索取号:B82/2129
 
预约/预借
| 序号 | 登录号 | 条形码 | 馆藏地/架位号 | 状态 | 备注 |
| 1 | 1442610 | 214426101 | 第一样本阅览室/ [索取号:B82/2129] | 在馆 |